SM-Liigan sarjataulukko 2024-2025 - Statistics

Yleistilastot
  • Tätä visaa on pelattu 190 kertaa
  • Keskiarvotulos 14 / 16
Vastaustilastot
Sijoitus Ottelut Pisteet Joukkue % Oikein
2. 60 111 Ilves
97%
1. 60 112 Lukko
97%
4. 60 107 HIFK
92%
3. 60 107 KalPa
92%
5. 60 106 SaiPa
90%
16. 60 49 Jukurit
87%
15. 60 75 Pelicans
86%
9. 60 90 Tappara
86%
14. 60 76 JYP
84%
13. 60 77 Kärpät
84%
6. 60 99 KooKoo
84%
7. 60 95 Ässät
82%
12. 60 79 TPS
82%
8. 60 91 Kiekko-Espoo
79%
11. 60 83 Sport
78%
10. 60 83 HPK
77%
Ehtoja vastaavia visoja ei löytynyt
Tulosjakauma
Jokaisen tuloksen saaneiden osuus
Persentiili vastausten määrän mukaan
Tuloshistoriasi
Et ole pelannut tätä visaa